Disegna i confini delle Regioni italiane - Statistics

Statistiche generali
  • Questo quiz è stato fatto 28 volte
  • Il punteggio medio è 30 su 31
Risposte nella Mappa
Le risposte nella mappa del quiz sottostante sono codificate secondo una scala di colori dal rosso al verde in base alla % di persone che hanno risposto correttamente.
 
Statistiche sulle risposte
Risposta % Corretto
BasilicataCalabria|CalabriaBasilicata
100%
Emilia-RomagnaMarche|MarcheEmilia-Romagna
100%
LazioCampania|CampaniaLazio
100%
LiguriaToscana|ToscanaLiguria
100%
LombardiaTrentino-Alto Adige|Trentino-Alto AdigeLombardia
100%
LombardiaVeneto|VenetoLombardia
100%
MarcheUmbria|UmbriaMarche
100%
MolisePuglia|PugliaMolise
100%
PiemonteLiguria|LiguriaPiemonte
100%
PiemonteLombardia|LombardiaPiemonte
100%
PugliaBasilicata|BasilicataPuglia
100%
ToscanaLazio|LazioToscana
100%
Valle d'AostaPiemonte|PiemonteValle d'Aosta
100%
VenetoFriuli-Venezia Giulia|Friuli-Venezia GiuliaVeneto
100%
VenetoTrentino-Alto Adige|Trentino-Alto AdigeVeneto
100%
AbruzzoMolise|MoliseAbruzzo
95%
CampaniaBasilicata|BasilicataCampania
95%
MarcheAbruzzo|AbruzzoMarche
95%
Emilia-RomagnaLiguria|LiguriaEmilia-Romagna
95%
Emilia-RomagnaToscana|ToscanaEmilia-Romagna
95%
Emilia-RomagnaVeneto|VenetoEmilia-Romagna
95%
LazioAbruzzo|AbruzzoLazio
95%
LazioMolise|MoliseLazio
95%
LombardiaEmilia-Romagna|Emilia-RomagnaLombardia
95%
MarcheLazio|LazioMarche
95%
MoliseCampania|CampaniaMolise
95%
PugliaCampania|CampaniaPuglia
95%
ToscanaMarche|MarcheToscana
95%
ToscanaUmbria|UmbriaToscana
95%
UmbriaLazio|LazioUmbria
95%
PiemonteEmilia-Romagna|Emilia-RomagnaPiemonte
76%
Nessun quiz corrispondente trovato
Distribuzione punteggi
Percentuale di utenti per punteggio
Percentile per numero di risposta
I tuoi punteggi nel tempo
Non hai fatto questo quiz